000 00814nam a2200193 a 4500
001 000045365
005 20240319121127.0
008 150305s2010 dr abc 000 0 spa d
020 _a9789945866643
040 _aDO-SdBNP
_bspa
_cBNPHU
082 _axxxx
_bxxxx
111 1 _aTrienal Internacional del Tile Cerámico
_n(4:
_d15 de abr.- 18 de jul, 2010
_cSantiago de los Caballeros, República Dominicana)
_973402
245 1 0 _aElit-tile-2010 :
_bTrienal Internacional del Tile Cerámico; Centro León. /
_ccoordinación Sara Hermann ; textos Rafael Emilio Yunén, Thimo Pimentel.
260 _aSanto Domingo :
_bCentro Leon,
_c2010.
300 _a167 p i :
_bil., mapas, retrs. ;
_c23 cm.
700 1 2 _aHermann, Sara,
_ecoord.
_958086
700 1 2 _aYunén, Rafael Emilio
_d1952-
_92304
700 1 2 _aPimentel, Thimo
_96477
999 _c44854
_d44854